Discurso pronunciado por Igancio Manuel Altamirano (Record no. 22638)

MARC details
000 -LEADER
campo de control de longitud fija 00575nam a2200169 i 4500
001 - NÚMERO DE CONTROL
campo de control 22638
003 - IDENTIFICADOR DE NÚMERO DE CONTROL
campo de control ES-MaACL
005 - FECHA Y HORA DE LA ÚLTIMA TRANSACCIÓN
campo de control 20250828063238.0
007 - CAMPO FIJO DE DESCRIPCIÓN FÍSICA--INFORMACIÓN GENERAL
campo de control de longitud fija t|
008 - DATOS DE LONGITUD FIJA--INFORMACIÓN GENERAL
campo de control de longitud fija 021204s1879 mx ||||1| spa d
100 1# - ENTRADA PRINCIPAL--NOMBRE DE PERSONA
Nombre de persona Altamirano, Ignacio Manuel,
Fechas asociadas al nombre 1834-1893
9 (RLIN) 20518
245 10 - MENCIÓN DEL TÍTULO
Título Discurso pronunciado por Igancio Manuel Altamirano
Resto del título : en honor del Sr. Thiers la noche del 24 de octubre de 1877.
260 ## - PUBLICACIÓN, DISTRIBUCIÓN, ETC.
Lugar de publicación, distribución, etc. México :
Nombre del editor, distribuidor, etc. [s.n.,
Fecha de publicación, distribución, etc. 1879] (
Fabricante Imp. de Francisco Díaz de León)
300 ## - DESCRIPCIÓN FÍSICA
Extensión 13 p. ;
Dimensiones 23 cm.
852 ## - LOCALIZACIÓN
Ubicación ES-MaACL
Número de control de estantería Fol-Laf-308
Holdings
Estatus retirado Estado de pérdida Estado de daño No para préstamo Colección Biblioteca de origen Biblioteca actual Ubicación en estantería Fecha de adquisición Fuente de adquisición Total de préstamos Signatura topográfica completa Código de barras Visto por última vez Precio de reemplazo Tipo de ítem Koha
        Colección de folletos Biblioteca del Ateneo de Madrid Biblioteca del Ateneo de Madrid Depósito folletos 17/01/2008     Fol-Laf-308 1023307 23/02/2023 23/02/2023 Folleto